[Event "SVK-ch rapid"]
[Site "Podbanske"]
[Date "2022.09.11"]
[Round "7"]
[White "Vrbova, Niki"]
[Black "Badinka, Adam"]
[Result "1/2-1/2"]
[WhiteElo "2127"]
[BlackElo "1704"]
[PlyCount "120"]
[EventDate "2022.09.10"]
[EventType "swiss (rapid)"]
[EventRounds "9"]
[EventCountry "SVK"]
[SourceTitle "CBM 210 Extra"]
[Source "ChessBase"]
[SourceDate "2022.11.30"]
[SourceVersion "1"]
[SourceVersionDate "2022.11.30"]
[SourceQuality "1"]

1. e4 c5 2. Nf3 g6 3. d3 Bg7 4. g3 Nf6 5. Bg2 Nc6 6. c3 d5 7. Nbd2 Bg4 8. 0-0 0-0 9. Re1 Ne5 10. Qc2 Nxf3+ 11. Nxf3 dxe4 12. dxe4 Bxf3 13. Bxf3 e5 14. Be3 Qc8 15. Rad1 h6 16. Rd6 b6 17. Red1 Qc7 18. Qd2 Kh7 19. h3 Qe7 20. Kh2 Rfe8 21. a3 Rac8 22. c4 Bf8 23. Rd3 Qb7 24. Qe2 Kg8 25. Bd2 Rcd8 26. Bc3 Qc7 27. Rxd8 Rxd8 28. Rxd8 Qxd8 29. Bxe5 Qe7 30. Bc3 Bg7 31. Bg2 Ne8 32. Bxg7 Nxg7 33. e5 Ne6 34. Bd5 Nd4 35. Qe4 Kg7 36. f4 f5 37. exf6+ Kxf6 38. Kg2 Nf5 39. Qxe7+ Kxe7 40. Kf3 Kf6 41. Be4 Nd6 42. Bd3 g5 43. g4 a5 44. b3 Ke6 45. h4 Kf6 46. fxg5+ hxg5 47. h5 Ke5 48. Ke3 Nf7 49. Bf5 Nh6 50. Bc8 Nf7 51. Kd3 Nh6 52. Kc3 Ke4 53. b4 axb4+ 54. axb4 Ke5 55. bxc5 bxc5 56. Kd3 Nf7 57. Ke3 Nh6 58. Bd7 Kd6 59. Bc8 Ke5 60. Kf3 Nf7 1/2-1/2

[Event "GRE-chT 49th"]
[Site "Thessaloniki"]
[Date "2022.08.17"]
[Round "7.10"]
[White "Krasteva, Beloslava"]
[Black "Vrbova, Niki"]
[Result "1-0"]
[WhiteElo "2269"]
[BlackElo "2116"]
[PlyCount "117"]
[EventDate "2022.08.12"]
[EventType "team-swiss"]
[EventRounds "7"]
[EventCountry "GRE"]
[SourceTitle "CBM 209 Extra"]
[Source "ChessBase"]
[SourceDate "2022.09.30"]
[SourceVersion "1"]
[SourceVersionDate "2022.09.30"]
[SourceQuality "1"]
[WhiteTeam "Eso Papafe Chronikon"]
[BlackTeam "Yazioe"]
[WhiteTeamCountry "GRE"]
[BlackTeamCountry "GRE"]

1. d4 d5 2. c4 e6 3. Nc3 Nf6 4. cxd5 exd5 5. Bg5 c6 6. e3 Nbd7 7. Bd3 Bd6 8. Qc2 h6 9. Bh4 Qc7 10. Nf3 0-0 11. Bg3 Re8 12. 0-0 Bxg3 13. hxg3 a6 14. b4 Qd6 15. Rfb1 Ng4 16. a4 Ndf6 17. b5 axb5 18. axb5 Rxa1 19. Rxa1 Bd7 20. bxc6 Bxc6 21. Nd2 Bd7 22. Nf1 h5 23. Qb2 Bc6 24. Na4 Nd7 25. Nc3 Qh6 26. Qe2 Qd6 27. Nb5 Qe7 28. Na7 g6 29. Qc2 Qe6 30. Rc1 Kg7 31. Nxc6 Rc8 32. Nd8 Rxd8 33. Qc7 Qf6 34. f3 Nh6 35. Qxb7 Nf8 36. Rc5 Rd7 37. Qb3 Qd6 38. Bb5 Rb7 39. Qxd5 Qxd5 40. Rxd5 Ne6 41. Bd3 Rb3 42. Be4 Ng8 43. Ra5 Nc7 44. Ra7 Rc3 45. Ra2 Nf6 46. Bb7 Rb3 47. Bc6 Rc3 48. Ba4 Ncd5 49. e4 Nb6 50. d5 Kf8 51. Bc6 Rc1 52. Kf2 Nc4 53. Nd2 Ne5 54. Bb5 Ke7 55. Ke3 Nfd7 56. Ra7 Re1+ 57. Kf2 Rd1 58. Ke2 Rg1 59. f4 1-0

[Event "GRE-chT 49th"]
[Site "Thessaloniki"]
[Date "2022.08.14"]
[Round "4"]
[White "Vrbova, Niki"]
[Black "Barbageorgopoulou, Despina"]
[Result "1-0"]
[WhiteElo "2116"]
[BlackElo "1735"]
[PlyCount "93"]
[EventDate "2022.08.12"]
[EventType "team-swiss"]
[EventRounds "7"]
[EventCountry "GRE"]
[SourceTitle "EXT 2024"]
[Source "ChessBase"]
[SourceDate "2023.10.10"]
[SourceVersion "1"]
[SourceVersionDate "2023.10.10"]
[SourceQuality "1"]
[WhiteTeam "Gaziou SA"]
[BlackTeam "Larisas"]
[WhiteTeamCountry "GRE"]
[BlackTeamCountry "GRE"]

1. e4 e5 2. Nf3 Nc6 3. Bc4 Bc5 4. c3 Nf6 5. d3 d6 6. 0-0 a6 7. Bb3 h6 8. Be3 Ba7 9. Nbd2 Bg4 10. h3 Bh5 11. Bxa7 Rxa7 12. g4 Bg6 13. Qe2 h5 14. g5 Nh7 15. Qe3 f5 16. exf5 Bxf5 17. Kh2 Ra8 18. d4 Qe7 19. Rfe1 Kf8 20. Rg1 g6 21. Rae1 Re8 22. dxe5 dxe5 23. Bd5 Qd6 24. Be4 Kg7 25. Nb3 Rhf8 26. Rd1 Qe6 27. Nc5 Qc8 28. Bxc6 bxc6 29. Nxe5 Bxh3 30. Qd4 Rf5 31. Ned7+ Kg8 32. Kxh3 Nxg5+ 33. Rxg5 Rxg5 34. Kh2 Qd8 35. Nf6+ Kf7 36. Qxd8 Rxd8 37. Rxd8 Rxc5 38. Ne4 Re5 39. f3 Rf5 40. Kg2 Rd5 41. Rc8 Rd7 42. Ra8 Rd5 43. Rxa6 Rb5 44. b4 g5 45. Rxc6 g4 46. Rxc7+ Ke6 47. Rc5 1-0

[Event "SVK-chT2D 1920"]
[Site "Slovakia"]
[Date "2020.03.07"]
[Round "10.2"]
[White "Presalovic, Marcel"]
[Black "Vrbova, Niki"]
[Result "1-0"]
[WhiteElo "2058"]
[BlackElo "2146"]
[PlyCount "35"]
[EventDate "2019.10.26"]
[EventType "team-tourn"]
[EventRounds "11"]
[EventCountry "SVK"]
[SourceTitle "EXT 2022"]
[Source "ChessBase"]
[SourceDate "2021.10.06"]
[SourceVersion "1"]
[SourceVersionDate "2021.10.06"]
[SourceQuality "1"]
[WhiteTeam "Stropkov/Svidnik"]
[BlackTeam "Kosice Slavia UPJS III"]
[WhiteTeamCountry "SVK"]
[BlackTeamCountry "SVK"]

1. Nf3 d5 2. d4 Nf6 3. c4 c6 4. Nc3 g6 5. cxd5 Nxd5 6. e4 Nxc3 7. bxc3 Bg7 8. Be3 0-0 9. Qd2 Re8 10. Bh6 Bh8 11. Bc4 b5 12. Bb3 c5 13. Bd5 Bg4 14. Bxa8 e6 15. Ne5 Bxe5 16. dxe5 Qc7 17. Qf4 Nd7 18. Qxg4 1-0

[Event "SVK-chT2A 1819"]
[Site "Slovakia"]
[Date "2019.02.03"]
[Round "7.6"]
[White "Mikulas, Dusan"]
[Black "Vrbova, Niki"]
[Result "0-1"]
[WhiteElo "1973"]
[BlackElo "2154"]
[PlyCount "104"]
[EventDate "2018.10.13"]
[EventType "team-tourn"]
[EventRounds "11"]
[EventCountry "SVK"]
[SourceTitle "CBM 189 Extra"]
[Source "ChessBase"]
[SourceDate "2019.06.03"]
[SourceVersion "1"]
[SourceVersionDate "2019.06.03"]
[SourceQuality "1"]
[WhiteTeam "Bratislava Slovan IV"]
[BlackTeam "Bratislava Doprastav"]
[WhiteTeamCountry "SVK"]
[BlackTeamCountry "SVK"]

1. e4 c5 2. Nf3 Nc6 3. d4 cxd4 4. Nxd4 Nf6 5. Nc3 e5 6. Ndb5 d6 7. Bg5 a6 8. Na3 b5 9. Nd5 Qa5+ 10. Bd2 Qd8 11. Bg5 Be7 12. Bxf6 Bxf6 13. c3 0-0 14. Nc2 Rb8 15. a4 Bg5 16. axb5 axb5 17. h4 Bh6 18. g4 Bf4 19. Nce3 Bxe3 20. Nxe3 Ne7 21. Nf5 Bxf5 22. gxf5 d5 23. Qg4 Kh8 24. Rg1 Rg8 25. Rd1 d4 26. Rg3 Nc6 27. Be2 h6 28. Kf1 Qf6 29. Kg2 b4 30. cxd4 Nxd4 31. Bc4 Rbc8 32. b3 Ra8 33. Kh1 Ra2 34. Rg2 Rb2 35. Rdg1 Kh7 36. Qh5 g6 37. fxg6+ Rxg6 38. Rxg6 fxg6 39. Qg4 Qf3+ 40. Qxf3 Nxf3 41. Rf1 Kg7 42. h5 gxh5 43. Kg2 Nd2 44. Re1 Nxb3 45. Kg3 Nd2 46. Bd5 Rc2 47. Re2 Rc3+ 48. Kh4 Rd3 49. Kxh5 b3 50. Re1 b2 51. Ba2 Rh3+ 52. Kg4 Ra3 0-1

[Event "Crete-chT"]
[Site "Crete"]
[Date "2018.04.29"]
[Round "7.15"]
[White "Vrbova, Niki"]
[Black "Vasileiou, Ioanna"]
[Result "1-0"]
[WhiteElo "2147"]
[BlackElo "1133"]
[PlyCount "51"]
[EventDate "2018.04.09"]
[EventType "team-tourn"]
[EventRounds "7"]
[EventCountry "GRE"]
[SourceTitle "EXT 2019"]
[Source "ChessBase"]
[SourceDate "2018.10.10"]
[SourceVersion "1"]
[SourceVersionDate "2018.10.10"]
[SourceQuality "1"]

1. e4 e5 2. Nf3 Nc6 3. Bc4 Bc5 4. c3 Nf6 5. d3 h6 6. 0-0 0-0 7. d4 exd4 8. cxd4 Bb6 9. e5 Nh7 10. d5 Na5 11. Bd3 d6 12. b4 dxe5 13. bxa5 Bxa5 14. Bxh7+ Kxh7 15. Qd3+ Kg8 16. Nxe5 Qf6 17. Bb2 Qg5 18. f4 Qf5 19. Qe2 Bb6+ 20. Kh1 f6 21. g4 Qh7 22. Nc4 Bd7 23. Nxb6 cxb6 24. Nc3 Rfe8 25. Qg2 Rad8 26. f5 1-0

[Event "Crete-chT"]
[Site "Crete"]
[Date "2018.04.28"]
[Round "5.10"]
[White "Vrbova, Niki"]
[Black "Varveraki, Argiri"]
[Result "1-0"]
[WhiteElo "2147"]
[BlackElo "1424"]
[PlyCount "111"]
[EventDate "2018.04.09"]
[EventType "team-tourn"]
[EventRounds "7"]
[EventCountry "GRE"]
[SourceTitle "EXT 2019"]
[Source "ChessBase"]
[SourceDate "2018.10.10"]
[SourceVersion "1"]
[SourceVersionDate "2018.10.10"]
[SourceQuality "1"]

1. e4 e5 2. Nf3 Nc6 3. Bc4 Bc5 4. c3 Nf6 5. d3 0-0 6. 0-0 d6 7. Bb3 h6 8. Be3 Bb6 9. Nbd2 Ne7 10. Bxb6 axb6 11. d4 Ng6 12. Re1 Re8 13. Bc2 Nf4 14. Nf1 N6h5 15. Ne3 Bd7 16. dxe5 dxe5 17. Nc4 Ng6 18. Bb3 Nhf4 19. Ne3 b5 20. Nf5 Be6 21. Bxe6 Nxe6 22. Qb3 Qd3 23. Rad1 Qc4 24. Qxc4 bxc4 25. Ne3 Rxa2 26. Nxc4 Nef4 27. g3 Nh5 28. Re2 Nf6 29. Na3 Nf8 30. Ne1 N8d7 31. Nd3 c5 32. f3 Ra8 33. Nc4 Ra1 34. Rxa1 Rxa1+ 35. Kf2 Rd1 36. Ncxe5 b6 37. Ke3 Kf8 38. Nxd7+ Nxd7 39. Re1 Rxe1+ 40. Nxe1 Ne5 41. b3 Ke7 42. Nd3 Nc6 43. b4 Kd6 44. f4 f6 45. b5 Ne7 46. Nb2 Ke6 47. Nc4 Nc8 48. f5+ Kd7 49. Kf4 Ke8 50. e5 fxe5+ 51. Kxe5 Ke7 52. g4 Kd7 53. h4 Ke7 54. g5 hxg5 55. hxg5 Kf7 56. Nd6+ 1-0

[Event "SVK-chT 1718"]
[Site "Slovakia"]
[Date "2017.12.09"]
[Round "5.2"]
[White "Vrbova, Niki"]
[Black "Palecek, Peter"]
[Result "0-1"]
[WhiteElo "2188"]
[BlackElo "2242"]
[PlyCount "88"]
[EventDate "2017.09.30"]
[EventType "team-tourn"]
[EventRounds "11"]
[EventCountry "SVK"]
[SourceTitle "EXT 2019"]
[Source "ChessBase"]
[SourceDate "2018.10.10"]
[SourceVersion "1"]
[SourceVersionDate "2018.10.10"]
[SourceQuality "1"]
[WhiteTeam "Kosice Slavia UPJS"]
[BlackTeam "Liptov Chess School"]
[WhiteTeamCountry "SVK"]
[BlackTeamCountry "SVK"]

1. e4 e5 2. Nf3 Nc6 3. Bc4 Bc5 4. c3 Nf6 5. d3 d6 6. 0-0 h6 7. Re1 0-0 8. h3 a5 9. Nbd2 Rb8 10. a4 Qe7 11. Nf1 Nd8 12. Ng3 c6 13. Bb3 Bb6 14. d4 Bc7 15. Bc2 Nh7 16. b3 b5 17. axb5 cxb5 18. Nf5 Bxf5 19. exf5 Nf6 20. Nh2 e4 21. Ng4 d5 22. Nxf6+ Qxf6 23. Qg4 Nc6 24. Bd2 b4 25. f3 bxc3 26. Bxc3 exf3 27. Qxf3 Bb6 28. Kh1 Bxd4 29. Bxd4 Nxd4 30. Qd3 Rfc8 31. Ra2 Nxc2 32. Rxc2 Rxc2 33. Qxc2 d4 34. Qd3 Rd8 35. Kg1 Rd5 36. Rf1 Rc5 37. Rd1 Rd5 38. Rf1 Kh7 39. Rf4 Qe5 40. Rf3 Rc5 41. Qd2 Rc3 42. Rd3 Qc5 43. f6 Rc1+ 44. Kh2 Qc7+ 0-1

[Event "SVK-chT1E 1617"]
[Site "Slovakia"]
[Date "2017.02.25"]
[Round "8.4"]
[White "Zatko, Gregor"]
[Black "Vrbova, Niki"]
[Result "0-1"]
[WhiteElo "2203"]
[BlackElo "2168"]
[PlyCount "56"]
[EventDate "2016.10.15"]
[EventType "team-tourn"]
[EventRounds "11"]
[EventCountry "SVK"]
[SourceTitle "EXT 2018"]
[Source "ChessBase"]
[SourceDate "2017.10.13"]
[SourceVersion "1"]
[SourceVersionDate "2017.10.13"]
[SourceQuality "1"]
[WhiteTeam "Banska Bystrica Junior"]
[BlackTeam "Kosice Slavia TU"]
[WhiteTeamCountry "SVK"]
[BlackTeamCountry "SVK"]

1. d4 Nf6 2. Bg5 d5 3. Bxf6 exf6 4. e3 Bd6 5. g3 0-0 6. Bg2 c6 7. Ne2 Bg4 8. h3 Bh5 9. Nd2 Nd7 10. 0-0 Re8 11. b3 Bb4 12. Nf3 Qe7 13. c3 Bd6 14. a4 Bg6 15. Qd2 Be4 16. Rfe1 Nf8 17. Nf4 Ne6 18. Nh2 Bxg2 19. Kxg2 Ng5 20. f3 Qd7 21. Ng4 Re7 22. h4 Ne4 23. Qd3 Rae8 24. Nh2 Nxg3 25. Kxg3 Bxf4+ 26. Kxf4 Qd6+ 27. Kg4 Qxh2 28. Re2 h5+ 0-1

[Event "Olympiad Women-42"]
[Site "Baku"]
[Date "2016.09.11"]
[Round "9.2"]
[White "Vrbova, Niki"]
[Black "Chumpitaz Carbajal, Ann"]
[Result "0-1"]
[WhiteElo "2186"]
[BlackElo "2150"]
[PlyCount "56"]
[EventDate "2016.09.02"]
[EventType "team-swiss"]
[EventRounds "11"]
[EventCountry "AZE"]
[SourceTitle "CBM 174 Extra"]
[Source "ChessBase"]
[SourceDate "2016.10.10"]
[SourceVersion "1"]
[SourceVersionDate "2016.10.10"]
[SourceQuality "1"]
[WhiteTeam "Slovakia (W)"]
[BlackTeam "Peru (W)"]
[WhiteTeamCountry "SVK"]
[BlackTeamCountry "PER"]

1. d4 Nf6 2. c4 e6 3. Nc3 Bb4 4. a3 Bxc3+ 5. bxc3 b6 6. Nf3 Ne4 7. Qc2 f5 8. e3 0-0 9. Bd3 Bb7 10. a4 Rf6 11. Bb2 Rg6 12. Rg1 d6 13. 0-0-0 Qe8 14. d5 Nc5 15. Ba3 Nxd3+ 16. Qxd3 Qxa4 17. Kb2 Na6 18. Ra1 Qe8 19. Nd4 Nc5 20. Bxc5 bxc5 21. Nxe6 Rxe6 22. dxe6 Be4 23. Qd1 Rb8+ 24. Ka3 Qxe6 25. Qa4 Rb6 26. f3 Bc6 27. Qa5 Qxc4 28. Rab1 Bd5 0-1

[Event "Olympiad Women-42"]
[Site "Baku"]
[Date "2016.09.04"]
[Round "3.14"]
[White "Eric, Jovana"]
[Black "Vrbova, Niki"]
[Result "1/2-1/2"]
[WhiteElo "2161"]
[BlackElo "2186"]
[PlyCount "154"]
[EventDate "2016.09.02"]
[EventType "team-swiss"]
[EventRounds "11"]
[EventCountry "AZE"]
[SourceTitle "CBM 174 Extra"]
[Source "ChessBase"]
[SourceDate "2016.10.10"]
[SourceVersion "1"]
[SourceVersionDate "2016.10.10"]
[SourceQuality "1"]
[WhiteTeam "Serbia (W)"]
[BlackTeam "Slovakia (W)"]
[WhiteTeamCountry "SRB"]
[BlackTeamCountry "SVK"]

1. e4 c5 2. Nf3 Nc6 3. Nc3 e5 4. Bc4 Be7 5. d3 d6 6. Nd2 Nf6 7. Nf1 Bg4 8. f3 Be6 9. Ne3 0-0 10. 0-0 h6 11. Ncd5 Rb8 12. a3 b5 13. Ba2 a5 14. c3 Kh8 15. f4 exf4 16. Nxf4 Bxa2 17. Rxa2 b4 18. axb4 axb4 19. Nf5 Rb7 20. Qf3 Ne5 21. Qg3 Rg8 22. d4 cxd4 23. cxd4 Nc4 24. b3 Na3 25. Qh3 Nh7 26. Nd5 Bg5 27. Bxa3 bxa3 28. Rxa3 Nf6 29. Nxf6 Qxf6 30. Ra6 Qe6 31. Nxd6 Qxh3 32. gxh3 Be3+ 33. Kh1 Rxb3 34. Nxf7+ Kh7 35. d5 Rb2 36. Nd6 Bd4 37. Nc4 Rc2 38. Ra4 Re8 39. Na3 Rd2 40. Nb1 Rd3 41. Re1 Rb8 42. Ra2 Re3 43. Rd1 Rxe4 44. Ra4 Rb2 45. Nd2 Rf4 46. d6 Be5 47. Rxf4 Bxf4 48. d7 Rb8 49. Ne4 Bc7 50. Rc1 Ba5 51. Nd6 Rd8 52. Nb7 Rxd7 53. Nxa5 Rd3 54. Nc4 Rxh3 55. Kg2 Rb3 56. Ne5 Rb5 57. Nf3 Kg6 58. Rc7 Kf6 59. Kg3 Rb3 60. Rd7 Ra3 61. h4 g6 62. Kg4 Ra1 63. Rd6+ Kg7 64. Ne5 Ra4+ 65. Kg3 g5 66. h5 Rh4 67. Rd7+ Kf6 68. Ng4+ Ke6 69. Ra7 Rxh5 70. Ra6+ Kf5 71. Nxh6+ Ke4 72. Kg4 Rh1 73. Kxg5 Rg1+ 74. Ng4 Rb1 75. Re6+ Kd5 76. Re2 Kd4 77. Kf4 Kd5 1/2-1/2

[Event "SVK-chT2D 1516"]
[Site "Slovakia"]
[Date "2016.02.13"]
[Round "8.1"]
[White "Vrbova, Niki"]
[Black "Istona, Martin"]
[Result "1/2-1/2"]
[WhiteElo "2175"]
[BlackElo "2166"]
[PlyCount "55"]
[EventDate "2015.10.17"]
[EventType "team-tourn"]
[EventRounds "11"]
[EventCountry "SVK"]
[SourceTitle "EXT 2017"]
[Source "ChessBase"]
[SourceDate "2016.10.25"]
[SourceVersion "1"]
[SourceVersionDate "2016.10.25"]
[SourceQuality "1"]
[WhiteTeam "Kosice Slavia UPJS III"]
[BlackTeam "Sabinov II"]
[WhiteTeamCountry "SVK"]
[BlackTeamCountry "SVK"]

1. e4 c5 2. Nf3 d6 3. d4 cxd4 4. Nxd4 Nf6 5. Nc3 a6 6. Be2 e5 7. Nb3 Be7 8. 0-0 0-0 9. a4 b6 10. Be3 Nbd7 11. f3 Bb7 12. g4 Rc8 13. Rf2 Rc7 14. Qf1 Qa8 15. Rd1 Rfc8 16. Qh3 g6 17. g5 Nh5 18. Nd5 Bxd5 19. Rxd5 Nf8 20. f4 exf4 21. Bxb6 Rxc2 22. Bxh5 Rxf2 23. Bxf2 gxh5 24. Qxh5 Ng6 25. Bd4 Qb7 26. Qh3 Rc4 27. a5 Bf8 28. Qd3 1/2-1/2

[Event "SVK-chT1E 1415"]
[Site "Slovakia"]
[Date "2014.11.30"]
[Round "4.2"]
[White "Michalicka, Milan"]
[Black "Vrbova, Niki"]
[Result "1-0"]
[WhiteElo "2202"]
[BlackElo "2139"]
[PlyCount "101"]
[EventDate "2014.10.18"]
[EventType "team-tourn"]
[EventRounds "11"]
[EventCountry "SVK"]
[SourceTitle "EXT 2016"]
[Source "ChessBase"]
[SourceDate "2015.10.08"]
[SourceVersion "1"]
[SourceVersionDate "2015.10.08"]
[SourceQuality "1"]
[WhiteTeam "Banska Bystrica CVC"]
[BlackTeam "Kosice Slavia"]
[WhiteTeamCountry "SVK"]
[BlackTeamCountry "SVK"]

1. d4 d5 2. c4 e6 3. g3 Nf6 4. Bg2 Bb4+ 5. Bd2 Bxd2+ 6. Qxd2 0-0 7. Nf3 Ne4 8. Qc2 c5 9. 0-0 Qb6 10. cxd5 exd5 11. dxc5 Qxc5 12. Qxc5 Nxc5 13. Nc3 Be6 14. Rfd1 Nba6 15. Nxd5 Bxd5 16. Rxd5 Rad8 17. Rad1 Rxd5 18. Rxd5 b6 19. a3 Nc7 20. Rd2 a5 21. Ne5 N7e6 22. Rd6 b5 23. b4 axb4 24. axb4 Na4 25. e3 Rd8 26. Rc6 g6 27. Rc1 Kg7 28. Nc6 Rd2 29. Bf1 Ng5 30. Bxb5 Nh3+ 31. Kg2 Nxf2 32. Kf3 Nb2 33. Rb1 Nh3 34. Nd4 Ng5+ 35. Kf4 f6 36. Be2 Nf7 37. b5 Na4 38. b6 g5+ 39. Kf3 Ne5+ 40. Kf2 Nd7 41. b7 Nb8 42. Rc1 Rb2 43. Rc7+ Kg6 44. Kf3 f5 45. Bd3 g4+ 46. Kf4 Kf6 47. Bxf5 Nb6 48. e4 Rf2+ 49. Ke3 Rb2 50. Bxg4 Ke5 51. Re7+ 1-0

[Event "SVK-chT2D 14/15"]
[Site "Slovakia"]
[Date "2014.11.08"]
[Round "3.2"]
[White "Veselovsky, Jan"]
[Black "Vrbova, Niki"]
[Result "0-1"]
[WhiteElo "2058"]
[BlackElo "2139"]
[PlyCount "32"]
[EventDate "2014.10.11"]
[EventType "team-tourn"]
[EventRounds "11"]
[EventCountry "SVK"]
[SourceTitle "EXT 2019"]
[Source "ChessBase"]
[SourceDate "2018.10.10"]
[SourceVersion "1"]
[SourceVersionDate "2018.10.10"]
[SourceQuality "1"]
[WhiteTeam "Bardejov BSK"]
[BlackTeam "Kosice Slavia UPJS III"]
[WhiteTeamCountry "SVK"]
[BlackTeamCountry "SVK"]

1. e4 c5 2. Nf3 Nc6 3. d4 cxd4 4. Nxd4 e5 5. Nb5 d6 6. c4 Nf6 7. N1c3 a6 8. Na3 Be7 9. Bg5 0-0 10. Nc2 Nxe4 11. Nxe4 Bxg5 12. Qxd6 Qa5+ 13. b4 Qa4 14. Nxg5 Qxc2 15. Bd3 Qc3+ 16. Ke2 Nd4+ 0-1